00492 2200169 4500001002100000005001500021035002000036245006400056110001100120300006000131260002900191082001100220084001700231600001700248008003900265990001800304PBTAN00000000000278020260430101814 a0010-04260001561 aAgribusiness Corn Systems Philppines and Thailand /cSearca0 aSearca axxii + 674 Halaman :bilustrasi berwarna ;c23cm x 15cm aJakarta :bSearca,c1981 a633.15 a633.15 SEA a 4aAgrinusiness260430 | | |  a2026020100371